Southville International School and Colleges
Your cart is empty.
  • Cart
  • Lists
    Public lists Eva Luna New books Lux_list list_1
    Your lists Log in to create your own lists
  • Log in to your account
  • Your cookies
  • Search history
Southville International School and Colleges
  • Advanced search
  • Recent comments
  • Most popular
  • Libraries

Log in to your account

Log in with GOOGLE


If you do not have an external account, but do have a local account, you can still log in:

  1. Home
  2. MARC view: A shaft of light /
Normal view MARC view ISBD view

A shaft of light / (Record no. 3494)

[ view plain ]
MARC details
000 -LEADER
fixed length control field 00903cam a2200277 a 4500
001 - CONTROL NUMBER
control field 1103971
003 - CONTROL NUMBER IDENTIFIER
control field OSt
005 - DATE AND TIME OF LATEST TRANSACTION
control field 20140310181757.0
008 - FIXED-LENGTH DATA ELEMENTS--GENERAL INFORMATION
fixed length control field 930208s1991 ph ac b 001 0 eng
010 ## - LIBRARY OF CONGRESS CONTROL NUMBER
LC control number 92940565
040 ## - CATALOGING SOURCE
Original cataloging agency DLC
Transcribing agency DLC
Modifying agency DLC
043 ## - GEOGRAPHIC AREA CODE
Geographic area code a-ph---
050 00 - LIBRARY OF CONGRESS CALL NUMBER
Classification number DS 676
Item number .So714 1996
082 00 - DEWEY DECIMAL CLASSIFICATION NUMBER
Classification number FIL 959
Item number So6 1996
100 1# - MAIN ENTRY--PERSONAL NAME
Personal name Soriano, Rafaelita Hilario.
245 12 - TITLE STATEMENT
Title A shaft of light /
Statement of responsibility, etc Rafaelita Hilario Soriano.
260 ## - PUBLICATION, DISTRIBUTION, ETC. (IMPRINT)
Place of publication, distribution, etc Manila,Philippines:
Name of publisher, distributor, etc R.H. Soriano,
Date of publication, distribution, etc 1996.
300 ## - PHYSICAL DESCRIPTION
Extent xiii, 274 p. :
Other physical details ill., ;
Dimensions 26 cm.
562 ## - COPY AND VERSION IDENTIFICATION NOTE
Number of copies 1
651 #0 - SUBJECT ADDED ENTRY--GEOGRAPHIC NAME
Geographic name Philippines
General subdivision History
Chronological subdivision Revolution, 1896-1898.
651 #0 - SUBJECT ADDED ENTRY--GEOGRAPHIC NAME
Geographic name Philippines
General subdivision History
Chronological subdivision Philippine American War, 1899-1902.
906 ## - LOCAL DATA ELEMENT F, LDF (RLIN)
a 7
b cbc
c orignew
d 3
e ncip
f 19
g y-gencatlg
942 ## - ADDED ENTRY ELEMENTS (KOHA)
Source of classification or shelving scheme Library of Congress Classification
Koha item type Books
Call number prefix Filipininana
Holdings
Withdrawn status Lost status Source of classification or shelving scheme Damaged status Home library Current library Shelving location Date acquired Total Checkouts Full call number Barcode Date last seen Copy number Price effective from Koha item type
    Library of Congress Classification   Luxembourg Library Luxembourg Library Filipiniana Section 07/01/2013   DS 676 .So714 1996 8789 08/13/2013 1 07/01/2013 Books

A shaft of light /

APA

Soriano R. H., . (1996). A shaft of light. Manila,Philippines: R.H. Soriano.

Chicago

Soriano Rafaelita Hilario, . 1996. A shaft of light. Manila,Philippines: R.H. Soriano.

Harvard

Soriano R. H., . (1996). A shaft of light. Manila,Philippines: R.H. Soriano.

MLA

Soriano Rafaelita Hilario, . A shaft of light. Manila,Philippines: R.H. Soriano. 1996.

  • Place hold
  • Print
  • Cite
  • Add to your cart (remove)
  • Save record
    BIBTEX Dublin Core MARCXML MARC (non-Unicode/MARC-8) MARC (Unicode/UTF-8) MARC (Unicode/UTF-8, Standard) MODS (XML) RIS
  • More searches
    Search for this title in:
    Other Libraries (WorldCat) Other Databases (Google Scholar) Online Stores (Bookfinder.com) Open Library (openlibrary.org)

Exporting to Dublin Core...

SOUTHVILLE LIBRARY

Southville International School and Colleges Library

1281 Tropical Ave. Cor. Luxembourg St., BF Homes International, Las Pinas City

Tel. No. 8256374 / 252358 Loc. 117/146

Powered by Koha